Кичине кезинде балдардагы диспепсия жана дизентерия (Запись № 13423041)

Подробности
000 -МАРКЕР
контрольное поле 01404nam0a2200289 4500
001 - ИДЕНТИФИКАТОР ЗАПИСИ
контрольное поле RU\NLR\BIBL_A\012048105
005 - ИДЕНТИФИКАТОР ВЕРСИИ
контрольное поле 20250626173950.0
035 ## - ДРУГИЕ СИСТЕМНЫЕ НОМЕРА
Идентификатор записи (NLR Aleph) 012048105
100 ## - ДАННЫЕ ОБЩЕЙ ОБРАБОТКИ
Данные общей обработки 20190627d1953 |||y0rusy50 ca
101 1# - ЯЗЫК РЕСУРСА
Язык текста, звукозаписи и т.д. киргизский
Язык оригинала русский
102 ## - СТРАНА ПУБЛИКАЦИИ ИЛИ ПРОИЗВОДСТВА
Страна публикации киргизстан
105 ## - ПОЛЕ КОДИРОВАННЫХ ДАННЫХ: ТЕКСТОВЫЕ МАТЕРИАЛЫ, МОНОГРАФИЧЕСКИЕ
Кодированные данные о монографическом текстовом документе y z 000yy
200 1# - ЗАГЛАВИЕ И СВЕДЕНИЯ ОБ ОТВЕТСТВЕННОСТИ
Основное заглавие Кичине кезинде балдардагы диспепсия жана дизентерия
Сведения, относящиеся к заглавию 6-нчы жана 7-нчы лекциялар
Первые сведения об ответственности С. О. Дулицкий
205 ## - СВЕДЕНИЯ ОБ ИЗДАНИИ
Сведения об издании 6-бас.
205 ## - СВЕДЕНИЯ ОБ ИЗДАНИИ
Сведения об издании 3-бас.
210 ## - ПУБЛИКАЦИЯ, РАСПРОСТРАНЕНИЕ И ДР.
Место издания, распространения и т.д. Фрунзе
Имя издателя, распространителя и т. д. Кыргызмамбас
Дата издания, распространения и т.д. 1953
215 ## - ФИЗИЧЕСКАЯ ХАРАКТЕРИСТИКА
Специфическое обозначение материала и объем 29,[2] c.
Размеры 20
423 #0 - ИЗДАЕТСЯ В ОДНОЙ ОБЛОЖКЕ ВМЕСТЕ С ...
Встроенное поле 2001#$aБалдардагы глист оорулары$e8-нчи лекция$fН. Е. Семенова
-- 210##$aФрунзе$d1953
-- 215##$a23-29,[2] c.
-- 700#1$aСеменова$bН. Е.$f1893-1970$gНина Евгеньевна
-- 701#1
Заглавие Балдардагы глист оорулары
Автор Семенова, Нина Евгеньевна (1893-1970)
541 1# - ПЕРЕВОД ЗАГЛАВИЯ, СДЕЛАННЫЙ КАТАЛОГИЗАТОРОМ
Заглавие Диспесия и дизентерия у детей раннего возраста
Язык заглавия русский
541 1# - ПЕРЕВОД ЗАГЛАВИЯ, СДЕЛАННЫЙ КАТАЛОГИЗАТОРОМ
Заглавие Глистные заболевания у детей
Язык заглавия русский
686 1# - ИНДЕКСЫ ДРУГИХ КЛАССИФИКАЦИЙ
Индекс Р733.51
700 #1 - ИМЯ ЛИЦА - ПЕРВИЧНАЯ ОТВЕТСТВЕННОСТЬ
Начальный элемент ввода Дулицкий
Часть имени, кроме начального элемента ввода С. О.
Дополнения к именам, кроме дат педиатр
Даты 1883-1956
Расширение инициалов личного имени Семен Осипович
Код отношения Автор
852 ## - МЕСТОНАХОЖДЕНИЕ И ШИФР ХРАНЕНИЯ
Идентификатор организации NLR
Наименование фонда или коллекции (Sub-Location Identifier) ОНЛ
Шифр хранения (Call Number) Кирг./2-1543
942 ## - ДОПОЛНИТЕЛЬНЫЕ ЭЛЕМЕНТЫ ЗАПИСИ (АБИС)
Тип экземпляра АБИС Книга
980 ## - КОЛЛЕКЦИЯ
Название коллекции Национальная библиография
Экземпляры
Тип экземпляра Дата поступления Библиотека постоянного хранения Библиотека текущего хранения Место хранения Шифр хранения Штрих-код Статус не для выдачи
Книга 27.06.2019 РНБ (Московский) РНБ (Московский) Фонд национальных литератур, ин. ОНЛ Кирг./2-1543 1-2411875